Schnelle Dezimal-Binär-Umwandlung - Statistiken

Allgemein
  • Dieses Quiz wurde 2.928 mal gespielt
  • Das Durchschnittsergebnis liegt bei 11 aus 20
Antwortstatistiken
Dezimal Binär % Korrekt
1 1
84%
2 10
78%
3 11
77%
4 100
74%
5 101
71%
6 110
71%
8 1000
69%
7 111
69%
9 1001
68%
10 1010
64%
16 10000
63%
12 1100
63%
11 1011
61%
15 1111
60%
13 1101
59%
14 1110
58%
32 100000
57%
17 10001
57%
18 10010
57%
20 10100
56%
19 10011
55%
21 10101
51%
24 11000
51%
22 10110
50%
23 10111
49%
33 100001
46%
36 100100
46%
48 110000
46%
27 11011
46%
28 11100
46%
40 101000
45%
26 11010
45%
35 100011
44%
39 100111
44%
30 11110
44%
25 11001
43%
34 100010
42%
37 100101
42%
42 101010
40%
44 101100
40%
31 11111
40%
29 11101
39%
38 100110
38%
41 101001
38%
46 101110
38%
47 101111
38%
49 110001
38%
50 110010
36%
62 111110
36%
43 101011
35%
51 110011
35%
63 111111
35%
52 110100
34%
55 110111
33%
56 111000
32%
58 111010
31%
61 111101
31%
54 110110
30%
57 111001
29%
45 101101
28%
59 111011
28%
60 111100
27%
53 110101
24%
Keine übereinstimmenden Quizze gefunden
Verteilung der Resultate
Anzahl Personen mit jedem Resultat
Perzentil nach korrekt beantworteten Fragen
Ihre Resultats-Entwicklung
Sie haben dieses Quiz noch nicht gespielt